5 Seconds of Summer -Songs - Statistics

General Stats
  • This quiz has been taken 397 times
    373 since last reset
  • The average score is 11 of 18
Answer Stats
Song Answer % Correct
If what we had was real, how could you be fine? Amnesia
95%
She may be clever but she just acts too square. Good Girls
89%
Cause this deadbeat town's only here to keep us down She Looks So Perfect
88%
Won't you please stop loving me to death? Voodoo Doll
84%
I pierced my lip so she thinks I'm cool Try Hard
82%
You got me tongue tied, I can't escape it Don't Stop
77%
Hold you tight straight through the day light, Heartbreak Girl
71%
I'm pretty sure that we're half way there. End Up Here
68%
But my mum still drives me to school Eighteen
65%
And I'm a falling star A glimmer lighting up these crowded streets Disconnected
64%
Save me from who I'm supposed to be. Social Casualty
58%
Called you up one day to meet split ends Out of my Limit
55%
Nothing lasts forever nothing stays the same Wherever You Are
53%
One day we can make it out alive Unpredictable
46%
Is it too late to bring us back to life? The Only Reason
45%
You got me where you want me I'm hanging on your every word Green Light
39%
I've sat in silence living in a world of thought Lost Boy
35%
You know something I don't It's not like you to be cold Over and Over
25%
No matching quizzes found
Score Distribution
Percent of People with Each Score
Percentile by Number Answered
Your Score History
You have not taken this quiz since the last reset